Business data processing / (Record no. 142180)

MARC details
000 -LEADER
fixed length control field 00534nam a22001817a 4500
005 - DATE AND TIME OF LATEST TRANSACTION
control field 20170629154115.0
010 ## - LCCN (DPL NO)
LC control number ENG-119067
020 ## - INTERNATIONAL STANDARD BOOK NUMBER
Terms of availability 100.00
035 ## - SYSTEM CONTROL NUMBER
System control number EN-102599
037 ## - SOURCE OF ACQUISITION
Source of stock number/acquisition DBAD/PUB
082 ## - DEWEY DECIMAL CLASSIFICATION NUMBER
Classification number 651.26
100 ## - MAIN ENTRY--PERSONAL NAME
Personal name Murthy, V. Bhaskara
245 ## - TITLE STATEMENT
Title Business data processing /
Statement of responsibility, etc by V. Bhaskara Murthy
260 ## - PUBLICATION, DISTRIBUTION, ETC. (IMPRINT)
Place of publication, distribution, etc Andhra Pradesh
Name of publisher, distributor, etc Duvvuri Publications
Date of publication, distribution, etc 2009
270 ## - ADDRESS
Address M.I.G - 143, A.P.H.B. Colony, Andhra Predesh
300 ## - PHYSICAL DESCRIPTION
Extent Various Pagings
Dimensions 23cm.(pbk)
942 ## - ADDED ENTRY ELEMENTS (KOHA)
Source of classification or shelving scheme Dewey Decimal Classification
Item type English Books
Classification part 651.26
Call number suffix MUR
Holdings
Withdrawn status Lost status Not for loan Collection code Home library Current library Date acquired Source of acquisition Cost, normal purchase price Full call number Barcode Copy number Cost, replacement price Koha item type
      Non-fiction Katevara Katevara 29/06/2017 DBAD/PUB 100.00 651.26 MUR EN-102599 1 100.00 English Books

© Delhi Public Library
Hit Counter
free hit counter